Modeling business objects with XML schema / (Record no. 8359)
[ view plain ]
| 000 -LEADER | |
|---|---|
| fixed length control field | 01378cam a22003257a 4500 |
| 001 - CONTROL NUMBER | |
| control field | 13096685 |
| 003 - CONTROL NUMBER IDENTIFIER | |
| control field | OSt |
| 005 - DATE AND TIME OF LATEST TRANSACTION | |
| control field | 20240611091700.0 |
| 008 - FIXED-LENGTH DATA ELEMENTS--GENERAL INFORMATION | |
| fixed length control field | 030220s2003 caua b 001 0 eng d |
| 010 ## - LIBRARY OF CONGRESS CONTROL NUMBER | |
| LC control number | 2003102703 |
| 020 ## - INTERNATIONAL STANDARD BOOK NUMBER | |
| International Standard Book Number | 1558608168 (MK pub.) |
| 020 ## - INTERNATIONAL STANDARD BOOK NUMBER | |
| International Standard Book Number | 3898642186 (dpunkt pub.) |
| 035 ## - SYSTEM CONTROL NUMBER | |
| System control number | (DLC)13096685 |
| 040 ## - CATALOGING SOURCE | |
| Original cataloging agency | NjNC |
| Transcribing agency | NjNC |
| Modifying agency | CU |
| -- | DLC |
| 042 ## - AUTHENTICATION CODE | |
| Authentication code | lccopycat |
| 050 00 - LIBRARY OF CONGRESS CALL NUMBER | |
| Classification number | 004 DAV 2003 |
| Item number | D418 2003 |
| 100 1# - MAIN ENTRY--PERSONAL NAME | |
| Personal name | Daum, Berthold, |
| Dates associated with a name | 1949- |
| 9 (RLIN) | 17006 |
| 245 10 - TITLE STATEMENT | |
| Title | Modeling business objects with XML schema / |
| Statement of responsibility, etc. | Berthold Daum. |
| 260 ## - PUBLICATION, DISTRIBUTION, ETC. (IMPRINT) | |
| Place of publication, distribution, etc. | San Francisco, Calif. : |
| Name of publisher, distributor, etc. | Morgan Kaufmann ; |
| Place of publication, distribution, etc. | Heidelberg, Germany : |
| Name of publisher, distributor, etc. | dpunkt.verlag, |
| Date of publication, distribution, etc. | 2003. |
| 300 ## - PHYSICAL DESCRIPTION | |
| Extent | xxv, 535 p. : |
| Other physical details | ill. ; |
| Dimensions | 24 cm. |
| 500 ## - GENERAL NOTE | |
| General note | "Copublished by Morgan Kaufmann Publishers and dpunkt.verlag"--T.p. verso. |
| 504 ## - BIBLIOGRAPHY, ETC. NOTE | |
| Bibliography, etc | Includes bibliographical references (p. 503-506) and index. |
| 650 #0 - SUBJECT ADDED ENTRY--TOPICAL TERM | |
| Topical term or geographic name as entry element | XML (Document markup language) |
| 9 (RLIN) | 17007 |
| 856 41 - ELECTRONIC LOCATION AND ACCESS | |
| Materials specified | Table of contents |
| Uniform Resource Identifier | <a href="http://www.loc.gov/catdir/toc/els051/2003102703.html">http://www.loc.gov/catdir/toc/els051/2003102703.html</a> |
| 856 42 - ELECTRONIC LOCATION AND ACCESS | |
| Materials specified | Publisher description |
| Uniform Resource Identifier | <a href="http://www.loc.gov/catdir/description/els051/2003102703.html">http://www.loc.gov/catdir/description/els051/2003102703.html</a> |
| 906 ## - LOCAL DATA ELEMENT F, LDF (RLIN) | |
| a | 7 |
| b | cbc |
| c | copycat |
| d | 3 |
| e | ncip |
| f | 20 |
| g | y-gencatlg |
| 942 ## - ADDED ENTRY ELEMENTS (KOHA) | |
| Source of classification or shelving scheme | Dewey Decimal Classification |
| Koha item type | Open Shelf |
| Withdrawn status | Lost status | Source of classification or shelving scheme | Damaged status | Not for loan | Home library | Current library | Date acquired | Inventory number | Total Checkouts | Barcode | Date last seen | Price effective from | Koha item type |
|---|---|---|---|---|---|---|---|---|---|---|---|---|---|
| Dewey Decimal Classification | MUST Main Library | MUST Main Library | 11/06/2024 | 09/31254 | 2024-20233 | 11/06/2024 | 11/06/2024 | Open Shelf |
